000 00862nam a2200217 i 4500
001 186822
003 SpMaBN
005 20250824055550.0
008 170220s1970 sp |||| |dspa d
080 _a821.134.2-23"19"
100 1 _aLuca de Tena, Juan Ignacio,
_d1897-1975
_974513
245 1 1 _a¿Quién soy yo?
_b: farsa en tres actos, el tercero dividido en dos cuadros ; y ¡Yo soy Brandel! /
_cJuan Ignacio Luca de Tena.
246 1 0 _a¡Yo soy Brandel!
_b: comedia en un prólogo, dos actos y un epílogo.
_pSegunda parte de ¿Quién soy yo?
260 _a[Madrid] :
_bEscelicer,
_c[1970]
300 _a119 p. ;
_c16 cm.
490 1 _aColección teatro ;
_v60 (extra
740 1 2 _a¡Yo soy Brandel!
830 0 0 _aColección teatro (Escelicer)
_v60 (extra
_9183149
852 1 _aBA
_j2335-F-2
_z. - Donat. Carmen Zumárraga
999 _c186822
_d186822